书目信息 |
| 题名: |
代木材料及其应用
|
|
| 作者: | 刘玉强 , 喻廼秋 , 陶以明 编著 ;中国木材节约发展中心 组织编写 | |
| 分册: | ||
| 出版信息: | 北京 化学工业出版社 2005.05 |
|
| 页数: | 259页 | |
| 开本: | 24cm | |
| 丛书名: | ||
| 单 册: | ||
| 中图分类: | TB3 | |
| 科图分类: | ||
| 主题词: | 工程材料--代用物 | |
| 电子资源: | ||
| ISBN: | 7-5025-6821-2 | |
| 000 | 01068nam0 2200265 450 | |
| 001 | 010239326116 | |
| 005 | 20051018103602.67 | |
| 010 | @a7-5025-6821-2@dCNY30.00 | |
| 100 | @a20050619d2005 km y0chiy0120 ea | |
| 101 | 0 | @achi |
| 102 | @aCN@b110000 | |
| 105 | @aa a 000yy | |
| 200 | 1 | @a代木材料及其应用@Adai mu cai liao ji qi ying yong@f刘玉强, 喻廼秋, 陶以明编著@Fliu yu qiang,yu nai qiu,tao yi ming bian zhu@g中国木材节约发展中心组织编写@Gzhong guo mu cai jie yue fa zhan zhong xin zu zhi bian xie |
| 210 | @a北京@c化学工业出版社@d2005.05 | |
| 215 | @a259页@c图@d24cm | |
| 320 | @a有书目 (第219-220页)。 | |
| 330 | @a本书在介绍了材料概论的基础上,对代木金属材料、代木无机非金属材料、代木高分子材料和代木复合材料应用技术进行论述。 | |
| 606 | 0 | @a工程材料@x代用物 |
| 690 | @aTB3@v4 | |
| 701 | 0 | @a刘玉强@Aliu yu qiang@4编著 |
| 701 | 0 | @a喻廼秋@Ayu nai qiu@4编著 |
| 701 | 0 | @a陶以明@Atao yi ming@4编著 |
| 712 | 02 | @a中国木材节约发展中心@Azhong guo mu cai jie yue fa zhan zhong xin@4组织编写 |
| 801 | 0 | @aCN@bQSSK@c20051018 |
| 905 | @a10447@dTB3@eL715 | |
| 代木材料及其应用/刘玉强, 喻廼秋, 陶以明编著/中国木材节约发展中心组织编写.-北京:化学工业出版社,2005.05 |
| 259页:图;24cm |
| ISBN 7-5025-6821-2:CNY30.00 |
| 本书在介绍了材料概论的基础上,对代木金属材料、代木无机非金属材料、代木高分子材料和代木复合材料应用技术进行论述。 |
| ● |
| 相关链接 |
|
|
|
正题名:代木材料及其应用
索取号:TB3/L715
 
预约/预借
| 序号 | 登录号 | 条形码 | 馆藏地/架位号 | 状态 | 备注 |
| 1 | 571252 | 205712521 | 自科库501/501自科库 8排4列1层/ [索取号:TB3/L715] | 在馆 | |
| 2 | 571253 | 205712530 | 自科库501/501自科库 8排4列1层/ [索取号:TB3/L715] | 在馆 | |
| 3 | 571254 | 205712549 | 自科库501/501自科库 8排4列1层/ [索取号:TB3/L715] | 在馆 |